شاعرہ مصوّرہ پر وین شیر / (Record no. 195352)
[ view plain ]
| 000 -LEADER | |
|---|---|
| fixed length control field | 00646nam a22001937a 4500 |
| 005 - DATE AND TIME OF LATEST TRANSACTION | |
| control field | 20230321143424.0 |
| 010 ## - LCCN (DPL NO) | |
| LC control number | UR-11892 |
| 020 ## - INTERNATIONAL STANDARD BOOK NUMBER | |
| International Standard Book Number | 9789380395869 |
| Terms of availability | 200.00 |
| 035 ## - SYSTEM CONTROL NUMBER | |
| System control number | U-10447 |
| 037 ## - SOURCE OF ACQUISITION | |
| Source of stock number/acquisition | DBAD/PUB |
| 082 ## - DEWEY DECIMAL CLASSIFICATION NUMBER | |
| Classification number | 921 |
| 100 ## - MAIN ENTRY--PERSONAL NAME | |
| Personal name | نز یر فتح پو ری |
| 245 ## - TITLE STATEMENT | |
| Title | شاعرہ مصوّرہ پر وین شیر / |
| Statement of responsibility, etc | نز یر فتح پو ری |
| 246 ## - VARYING FORM OF TITLE | |
| Title proper/short title | Shaira Musawwira Parveen Sher / |
| Remainder of title | by Nazeer Fatehpuri |
| 260 ## - PUBLICATION, DISTRIBUTION, ETC. (IMPRINT) | |
| Place of publication, distribution, etc | Pune |
| Name of publisher, distributor, etc | Asbaque Publications |
| Date of publication, distribution, etc | 2023 ء |
| 270 ## - ADDRESS | |
| Address | 230/B/102, Viman Darshan, Sanjay Park, Lohgaon Road |
| City | Pune |
| Postal code | 411032 |
| 300 ## - PHYSICAL DESCRIPTION | |
| Extent | 128 ص |
| Dimensions | 22cm(Hb) |
| 942 ## - ADDED ENTRY ELEMENTS (KOHA) | |
| Source of classification or shelving scheme | Dewey Decimal Classification |
| Item type | Urdu Bks |
| Classification part | 921 |
| Call number suffix | ن ز ی |
| Withdrawn status | Lost status | Not for loan | Collection code | Home library | Current library | Date acquired | Source of acquisition | Cost, normal purchase price | Full call number | Barcode | Copy number | Cost, replacement price | Koha item type |
|---|---|---|---|---|---|---|---|---|---|---|---|---|---|
| Non-fiction | Patel Nagar | Patel Nagar | 21/03/2023 | DBAD/PUB | 200.00 | 921 ن ز ی | U-10447 | 1 | 200.00 | Urdu Bks |
